|
|
|
|
| LEADER |
00000cam a2200000 7i4500 |
| 001 |
0000000356 |
| 005 |
20140503.0 |
| 090 |
0 |
0 |
|a R THE 526.0285
|b OTH 2000
|
| 100 |
0 |
0 |
|a OTHMAN bin Deris
|
| 245 |
1 |
0 |
|a Application of geographical information system (GIS) in forest management planning :
|b A case study of Pasir Raja Selatan Forest Reserve, Terengganu
|c Othman bin Deris
|
| 260 |
0 |
0 |
|a Serdang, Selangor :
|b Universiti Putra Malaysia ,
|c 2000
|
| 300 |
|
|
|a vii, 42 p. :
|b ill., maps ;
|c 30 cm.
|
| 500 |
0 |
0 |
|a Bachelor of Science (Forestry) - Universiti Putra Malaysia, 2000
|
| 500 |
0 |
0 |
|a Bibliography: [p. 36-42]
|
| 650 |
0 |
0 |
|a Forest management
|z Terengganu
|
| 650 |
0 |
0 |
|a Geographic information systems
|z Terengganu
|
| 998 |
|
|
|a JPSM
|
| 999 |
|
|
|a 0000001588
|b Monograph
|c Reference
|e Default branch
|